[Event "SVK-ch U14"]
[Site "Brezova pod Bradlom"]
[Date "2006.03.06"]
[Round "3"]
[White "Detko, Rastislav"]
[Black "Horvath, Michal"]
[Result "1-0"]
[WhiteElo "1618"]
[BlackElo "1490"]
[PlyCount "67"]
[EventDate "2006.03.05"]
[EventType "swiss"]
[EventRounds "9"]
[EventCountry "SVK"]
[SourceTitle "EXT 2008"]
[Source "ChessBase"]
[SourceDate "2007.11.25"]
[SourceVersion "1"]
[SourceVersionDate "2007.11.25"]
[SourceQuality "1"]

1. e4 d5 2. exd5 Qxd5 3. Nc3 Qa5 4. d4 c6 5. Nf3 Nf6 6. Bc4 Bg4 7. h3 Bh5 8. g4 Bg6 9. Bd2 Qc7 10. 0-0 e6 11. Re1 Nbd7 12. a3 Bd6 13. Qe2 0-0-0 14. Bd3 Nb6 15. b4 h5 16. g5 Bxd3 17. cxd3 Nfd5 18. Rac1 Nf4 19. Bxf4 Bxf4 20. Nb5 Qb8 21. Rc2 Nd5 22. Qe4 Rde8 23. Ne5 f6 24. Ng6 Rhg8 25. Nxf4 Nxf4 26. d5 Nxd5 27. Nd4 Nf4 28. Rec1 Kd7 29. b5 Nxh3+ 30. Kf1 Nxg5 31. bxc6+ Ke7 32. c7 Qc8 33. Nf5+ Kf8 34. Qb4+ 1-0

[Event "SVK-ch U14"]
[Site "Liptovsky Mikulas"]
[Date "2005.04.11"]
[Round "1"]
[White "Horvath, Michal"]
[Black "Krejci, Jan1111"]
[Result "0-1"]
[WhiteElo "1486"]
[BlackElo "2110"]
[PlyCount "46"]
[EventDate "2005.04.11"]
[EventType "swiss"]
[EventRounds "9"]
[EventCountry "SVK"]
[SourceTitle "EXT 2008"]
[Source "ChessBase"]
[SourceDate "2007.11.25"]
[SourceVersion "1"]
[SourceVersionDate "2007.11.25"]
[SourceQuality "1"]

1. e4 e5 2. Nf3 Nf6 3. Nxe5 d6 4. Nf3 Nxe4 5. Qe2 Qe7 6. d3 Nf6 7. Bg5 Be6 8. Nc3 Nbd7 9. 0-0-0 0-0-0 10. g3 h6 11. Be3 Nb6 12. Bg2 g6 13. Rhe1 Bg7 14. Qd2 Qd7 15. Bd4 c5 16. Be3 Nfd5 17. Nxd5 Bxd5 18. Kb1 Qc6 19. Qe2 Na4 20. c3 Bxc3 21. Rf1 Bxb2 22. Bh3+ Kb8 23. Nd2 Nc3+ 0-1